Panzer Haubitze PzH 2000 in detail : German modern 155mm self-proppeled Howitzer /

Main Author: Spurný, Josef, 1952-
Other Authors: Martinec, Jan, 1954-
Language: English
Published: Prague : RAK, 2004
Edition: 1st ed.
Series: Wings & wheels publications
Present vehicle line
Photo manual for modelers
Online Access: Digitalizovaný dokument
Physical Description: 48 s. : barev. il. ; 23 x 24 cm + Český popis k fotografiím (1 dvojlist)
Book
Saved in:
LEADER 01892nam a2200493 a 4500
001 000743686
003 CZ BrMZK
005 20191106170042.0
007 ta
008 041015s2004 xr a er 000 0 eng d
015 |a cnb001417666 
020 |a 80-86416-39-9  |q (brož.) 
035 |a (OCoLC)85120149 
040 |a BOA001  |b cze 
041 1 |a eng  |h cze 
043 |a e-gx--- 
072 7 |a 623  |x Vojenská technika  |2 Konspekt  |9 19 
080 |a 623.421.3  |2 MRF 
080 |a 623.438.4  |2 MRF 
080 |a (430)  |2 MRF 
080 |a (084.12)  |2 MRF 
100 1 |a Spurný, Josef,  |d 1952-  |7 jx20040610011  |4 pht 
245 1 0 |a Panzer Haubitze PzH 2000 in detail :  |b German modern 155mm self-proppeled Howitzer /  |c Josef Spurný, Jan Martinec ; [translate Jiří Bumbálek] 
246 1 |i Název v tiráži:  |a PzH 2000 in detail 
250 |a 1st ed. 
260 |a Prague :  |b RAK,  |c 2004 
300 |a 48 s. :  |b barev. il. ;  |c 23 x 24 cm +  |e Český popis k fotografiím (1 dvojlist) 
490 1 |a Wings & wheels publications 
490 1 |a Present vehicle line ;  |v no. 11 
490 1 |a Photo manual for modelers 
500 |a Název a podnázev z obálky 
500 |a Přeloženo z češtiny 
500 |a Dostupné též v digitální podobě v aplikaci Kramerius 
650 0 7 |a PzH 2000 (houfnice)  |7 ph263231  |2 czenas 
650 0 7 |a samohybná děla  |7 ph136656  |z Německo  |2 czenas 
655 7 |a fotografické publikace  |7 fd132276  |2 czenas 
700 1 |a Martinec, Jan,  |d 1954-  |7 jn99240000684  |4 aut 
830 0 |a Wings & wheels publications 
830 0 |a Present vehicle line 
830 0 |a Photo manual for modelers 
856 4 1 |u http://www.digitalniknihovna.cz/mzk/uuid/uuid:96b27800-f448-11e6-abeb-005056827e51  |y Digitalizovaný dokument  |x NDK 
910 |a BOA001  |b 2-1141.099 
990 |a BK 
996 6 |b 2610230165  |c 2-1141.099  |l MZK  |r Sklad / do 1 hodiny  |n 1  |p p.v.  |w 000743686  |u 000010  |a 1  |e BOA001  |j MZK50  |s P